00566nam a2200193Ia 4500008004100000050001200041050001500053100002800068245006800096245002800164260003100192260001000223260001000233300001500243300002000258300001100278500005600289521002700345170504s9999 xx 000 0 und d aT 58.5  b.B734 2016 aBorja, Nicole Andrea G. aTravel reservation request sytem for wow ph destinations, inc / cNicole Andrea G. Borja. aLas Piñas, Philippines : bSISC, c2016. a84 pages : billustrations ; c28 cm. aIncludes bibliographical references and appendices. aInformation Technology